[Event "Kupreichik Memorial Rapid 2019"]
[Site "Minsk"]
[Date "2019.08.15"]
[Round "2.29"]
[White "Drobyshevsky, Vasily"]
[Black "Tyurin, Artem"]
[Result "0-1"]
[WhiteElo "1441"]
[BlackElo "2057"]
[Annotator "NA"]
[PlyCount "61"]
[EventDate "2019.08.15"]
[EventType "swiss"]
[EventCountry "BLR"]
[SourceTitle "playchess.com"]
[Source "ChessBase"]
[SourceQuality "1"]
[TimeControl "900+10"]

1. c4 {[%emt 0:00:00]} e6 {[%emt 0:00:00]} 2. d4 {[%emt 0:00:00]} Nf6 {[%emt 0:00:00]} 3. Nc3 {[%emt 0:00:00]} Bb4 {[%emt 0:00:00]} 4. Qb3 {[%emt 0:00:04]} Nc6 {[%emt 0:00:12]} 5. a3 {[%emt 0:00:30]} Nxd4 {[%emt 0:00:04]} 6. Qd1 {[%emt 0:00:46]} Bxc3+ {[%emt 0:00:02]} 7. bxc3 {[%emt 0:00:03]} Nc6 {[%emt 0:00:03]} 8. Nf3 {[%emt 0:00:05]} O-O {[%emt 0:00:06]} 9. Bg5 {[%emt 0:00:03]} h6 {[%emt 0:00:18]} 10. Bh4 {[%emt 0:00:03]} d6 {[%emt 0:00:02]} 11. e3 {[%emt 0:00:04]} e5 {[%emt 0:00:03]} 12. Be2 {[%emt 0:00:02]} Be6 {[%emt 0:00:05]} 13. Qc2 {[%emt 0:00:31]} Qe7 {[%emt 0:00:11]} 14. O-O {[%emt 0:00:07]} g5 {[%emt 0:01:41]} 15. Bg3 {[%emt 0:00:02]} Nd7 {[%emt 0:00:14]} 16. e4 {[%emt 0:01:06]} Nc5 {[%emt 0:00:16]} 17. Nd2 {[%emt 0:00:27]} Qf6 {[%emt 0:00:49]} 18. Nb3 {[%emt 0:01:31]} Nxb3 {[%emt 0:00:08]} 19. Qxb3 {[%emt 0:00:02]} Na5 {[%emt 0:00:02]} 20. Qb4 {[%emt 0:00:15]} b6 {[%emt 0:00:10]} 21. f3 {[%emt 0:00:43]} c5 {[%emt 0:00:22]} 22. Qb5 {[%emt 0:00:21]} Rab8 {[%emt 0:00:16]} 23. Rfd1 {[%emt 0:00:19]} a6 {[%emt 0:00:05]} 24. Qxa6 {[%emt 0:00:54]} Bd7 {[%emt 0:00:31]} 25. Rab1 {[%emt 0:00:38]} Bc6 {[%emt 0:00:50]} 26. Qa7 {[%emt 0:01:39]} Rb7 {[%emt 0:00:11]} 27. Qa6 {[%emt 0:00:03]} Rfb8 {[%emt 0:00:08]} 28. Rb2 {[%emt 0:02:15]} Qe7 {[%emt 0:00:21]} 29. Rxb6 {[%emt 0:05:32]} Rxb6 {[%emt 0:00:06]} 30. Qxa5 {[%emt 0:00:02]} Qc7 {[%emt 0:00:31]} 31. Ra1 0-1

[Event "Kupreichik Memorial Rapid 2019"]
[Site "Minsk"]
[Date "2019.08.15"]
[Round "2.30"]
[White "Khrapko, Marharyta"]
[Black "Pogorelov, Aleksey"]
[Result "1-0"]
[WhiteElo "2073"]
[BlackElo "1548"]
[Annotator "NA"]
[PlyCount "41"]
[EventDate "2019.08.15"]
[EventType "swiss"]
[EventCountry "BLR"]
[SourceTitle "playchess.com"]
[Source "ChessBase"]
[SourceQuality "1"]
[TimeControl "900+10"]

1. e4 {[%emt 0:00:00]} c5 {[%emt 0:00:00]} 2. Nf3 {[%emt 0:00:00]} d6 {[%emt 0:00:00]} 3. d4 {[%emt 0:00:00]} cxd4 {[%emt 0:00:00]} 4. Nxd4 {[%emt 0:00:00]} Nf6 {[%emt 0:00:00]} 5. Nc3 {[%emt 0:00:01]} g6 {[%emt 0:00:00]} 6. Be3 {[%emt 0:00:19]} Bg7 {[%emt 0:00:03]} 7. f3 {[%emt 0:00:06]} Nc6 {[%emt 0:00:11]} 8. Bc4 {[%emt 0:00:03]} Bd7 {[%emt 0:00:29]} 9. Bb3 {[%emt 0:00:04]} a6 {[%emt 0:00:45]} 10. Qd2 {[%emt 0:00:28]} Rc8 {[%emt 0:00:22]} 11. O-O-O {[%emt 0:00:08]} b5 {[%emt 0:01:02]} 12. Bh6 {[%emt 0:00:22]} O-O {[%emt 0:00:07]} 13. Nxc6 {[%emt 0:01:07]} Bxc6 {[%emt 0:00:45]} 14. h4 {[%emt 0:00:24]} a5 {[%emt 0:00:38]} 15. h5 {[%emt 0:01:22]} Bxh6 {[%emt 0:05:28]} 16. Qxh6 {[%emt 0:00:15]} a4 {[%emt 0:02:10]} 17. e5 {[%emt 0:04:00]} Nxh5 {[%emt 0:02:31]} 18. Rxh5 {[%emt 0:00:28]} gxh5 {[%emt 0:00:25]} 19. Rh1 {[%emt 0:00:01]} Qb6 {[%emt 0:02:13]} 20. Rxh5 {[%emt 0:00:29]} Qg1+ {[%emt 0:00:55]} 21. Nd1 {[%emt 0:00:02]} 1-0

[Event "Kupreichik Memorial Rapid 2019"]
[Site "Minsk"]
[Date "2019.08.15"]
[Round "2.31"]
[White "Strizhnev, Ivan"]
[Black "Spizharny, Mikhail"]
[Result "0-1"]
[WhiteElo "1394"]
[BlackElo "2079"]
[Annotator "NA"]
[PlyCount "40"]
[EventDate "2019.08.15"]
[EventType "swiss"]
[EventCountry "BLR"]
[SourceTitle "playchess.com"]
[Source "ChessBase"]
[SourceQuality "1"]
[TimeControl "900+10"]

1. e4 {[%emt 0:00:00]} c5 {[%emt 0:00:00]} 2. Nf3 {[%emt 0:00:00]} e6 {[%emt 0:00:00]} 3. d4 {[%emt 0:00:04]} cxd4 {[%emt 0:00:00]} 4. Nxd4 {[%emt 0:00:03]} a6 {[%emt 0:00:00]} 5. c4 {[%emt 0:00:12]} Nf6 {[%emt 0:00:02]} 6. Nc3 {[%emt 0:00:06]} Bb4 {[%emt 0:00:02]} 7. Bd3 {[%emt 0:00:16]} Nc6 {[%emt 0:00:02]} 8. Nxc6 {[%emt 0:00:14]} dxc6 {[%emt 0:00:03]} 9. O-O {[%emt 0:00:09]} e5 {[%emt 0:00:19]} 10. Ne2 {[%emt 0:02:33]} a5 {[%emt 0:01:43]} 11. Bg5 {[%emt 0:01:00]} h6 {[%emt 0:01:11]} 12. Bh4 {[%emt 0:01:11]} g5 {[%emt 0:04:42]} 13. Bg3 {[%emt 0:00:10]} Qe7 {[%emt 0:00:01]} 14. Rc1 {[%emt 0:03:07]} Nh5 {[%emt 0:00:47]} 15. Bb1 {[%emt 0:02:28]} Nf4 {[%emt 0:01:25]} 16. f3 {[%emt 0:01:00]} Be6 {[%emt 0:01:11]} 17. Bf2 {[%emt 0:01:02]} Rd8 {[%emt 0:00:38]} 18. Nxf4 {[%emt 0:03:38]} Rxd1 {[%emt 0:00:06]} 19. Rfxd1 {[%emt 0:00:02]} gxf4 {[%emt 0:00:09]} 20. c5 {[%emt 0:00:12]} a4 0-1

[Event "Kupreichik Memorial Rapid 2019"]
[Site "Minsk"]
[Date "2019.08.15"]
[Round "2.32"]
[White "Rataika, Mikalai"]
[Black "Makarau, Yauheni"]
[Result "1-0"]
[WhiteElo "1920"]
[BlackElo "1459"]
[Annotator "NA"]
[PlyCount "45"]
[EventDate "2019.08.15"]
[EventType "swiss"]
[EventCountry "BLR"]
[SourceTitle "playchess.com"]
[Source "ChessBase"]
[SourceQuality "1"]
[TimeControl "900+10"]

1. d4 {[%emt 0:00:00]} d5 {[%emt 0:00:00]} 2. b3 {[%emt 0:00:00]} e6 {[%emt 0:00:00]} 3. Bb2 {[%emt 0:00:03]} Nf6 {[%emt 0:00:00]} 4. e3 {[%emt 0:00:03]} Be7 {[%emt 0:00:00]} 5. Bd3 {[%emt 0:00:02]} O-O {[%emt 0:00:01]} 6. Nf3 {[%emt 0:00:04]} b6 {[%emt 0:00:02]} 7. O-O {[%emt 0:00:08]} Bb7 {[%emt 0:00:01]} 8. Nbd2 {[%emt 0:00:24]} c5 {[%emt 0:00:05]} 9. Ne5 {[%emt 0:00:22]} Nbd7 {[%emt 0:00:34]} 10. f4 {[%emt 0:00:13]} Rc8 {[%emt 0:01:07]} 11. g4 {[%emt 0:00:40]} Ne4 {[%emt 0:01:42]} 12. Rf3 {[%emt 0:01:47]} Nxd2 {[%emt 0:01:16]} 13. Qxd2 {[%emt 0:00:06]} c4 {[%emt 0:01:11]} 14. Bxh7+ {[%emt 0:00:42]} Kxh7 {[%emt 0:00:49]} 15. Nxd7 {[%emt 0:00:33]} Qxd7 {[%emt 0:00:22]} 16. Rh3+ {[%emt 0:00:03]} Kg8 {[%emt 0:00:23]} 17. g5 {[%emt 0:02:09]} e5 {[%emt 0:01:16]} 18. Qg2 {[%emt 0:01:23]} exf4 {[%emt 0:02:00]} 19. exf4 {[%emt 0:00:26]} cxb3 {[%emt 0:00:44]} 20. Qg3 {[%emt 0:01:04]} Rxc2 {[%emt 0:01:27]} 21. Qh4 {[%emt 0:00:23]} f6 {[%emt 0:01:30]} 22. g6 {[%emt 0:00:45]} Qxh3 {[%emt 0:02:14]} 23. Qxh3 {[%emt 0:00:03]} 1-0

[Event "Kupreichik Memorial Rapid 2019"]
[Site "Minsk"]
[Date "2019.08.15"]
[Round "2.33"]
[White "Yasiukovich, Sergei"]
[Black "Talma, Sergei"]
[Result "1-0"]
[WhiteElo "1529"]
[BlackElo "1882"]
[Annotator "NA"]
[PlyCount "44"]
[EventDate "2019.08.15"]
[EventType "swiss"]
[EventCountry "BLR"]
[SourceTitle "playchess.com"]
[Source "ChessBase"]
[SourceQuality "1"]
[TimeControl "900+10"]

1. e4 {[%emt 0:00:00]} c5 {[%emt 0:00:00]} 2. Be2 {[%emt 0:00:00]} Nc6 {[%emt 0:00:00]} 3. f4 {[%emt 0:00:00]} e5 {[%emt 0:00:15]} 4. d3 {[%emt 0:00:01]} d6 {[%emt 0:00:22]} 5. Nf3 {[%emt 0:00:02]} Bg4 {[%emt 0:00:30]} 6. O-O {[%emt 0:00:03]} Nf6 {[%emt 0:00:12]} 7. c3 Be7 {[%emt 0:00:14]} 8. Na3 {[%emt 0:01:03]} O-O 9. Qe1 {[%emt 0:00:19]} exf4 {[%emt 0:02:00]} 10. Bxf4 b5 11. Qg3 {[%emt 0:02:28]} Be6 {[%emt 0:02:40]} 12. Ng5 {[%emt 0:00:51]} b4 {[%emt 0:00:52]} 13. Nxe6 {[%emt 0:00:47]} fxe6 {[%emt 0:00:03]} 14. Nc4 {[%emt 0:00:31]} e5 {[%emt 0:04:50]} 15. Bh6 {[%emt 0:00:41]} Ne8 {[%emt 0:01:39]} 16. Ne3 {[%emt 0:01:00]} Kh8 {[%emt 0:00:43]} 17. Rxf8+ {[%emt 0:00:23]} Bxf8 {[%emt 0:00:02]} 18. Rf1 {[%emt 0:00:18]} Nf6 {[%emt 0:01:52]} 19. Bg5 {[%emt 0:00:42]} Be7 {[%emt 0:00:10]} 20. Nf5 {[%emt 0:00:17]} Qf8 {[%emt 0:01:20]} 21. Nxe7 {[%emt 0:01:23]} Nxe7 {[%emt 0:00:09]} 22. Qf3 {[%emt 0:02:01]} bxc3 1-0

[Event "Kupreichik Memorial Rapid 2019"]
[Site "Minsk"]
[Date "2019.08.15"]
[Round "2.34"]
[White "Masjuk, Vladimir"]
[Black "Novik, Nikita"]
[Result "1-0"]
[WhiteElo "1900"]
[BlackElo "1355"]
[Annotator "NA"]
[PlyCount "69"]
[EventDate "2019.08.15"]
[EventType "swiss"]
[EventCountry "BLR"]
[SourceTitle "playchess.com"]
[Source "ChessBase"]
[SourceQuality "1"]
[TimeControl "900+10"]

1. e4 {[%emt 0:00:00]} e6 {[%emt 0:00:00]} 2. d4 {[%emt 0:00:00]} d5 {[%emt 0:00:00]} 3. Nd2 {[%emt 0:00:00]} dxe4 {[%emt 0:00:00]} 4. Nxe4 {[%emt 0:00:01]} Nc6 {[%emt 0:00:00]} 5. c3 {[%emt 0:00:02]} Be7 {[%emt 0:00:03]} 6. Nf3 {[%emt 0:00:02]} Nf6 {[%emt 0:00:02]} 7. Bd3 {[%emt 0:00:04]} b6 {[%emt 0:00:24]} 8. O-O {[%emt 0:00:07]} Bb7 {[%emt 0:00:02]} 9. Nxf6+ {[%emt 0:00:10]} Bxf6 {[%emt 0:00:03]} 10. Qc2 {[%emt 0:00:10]} h6 {[%emt 0:00:42]} 11. Bf4 {[%emt 0:00:10]} Qd7 {[%emt 0:01:19]} 12. Rfe1 {[%emt 0:00:17]} O-O-O {[%emt 0:00:33]} 13. b4 {[%emt 0:00:42]} g5 {[%emt 0:00:11]} 14. Bg3 {[%emt 0:00:44]} h5 {[%emt 0:00:39]} 15. Bb5 {[%emt 0:01:28]} Qd5 {[%emt 0:02:14]} 16. Bf1 {[%emt 0:01:19]} Be7 {[%emt 0:04:32]} 17. h4 {[%emt 0:02:33]} gxh4 {[%emt 0:01:18]} 18. Bxh4 {[%emt 0:00:13]} Bxh4 {[%emt 0:00:41]} 19. Nxh4 {[%emt 0:00:02]} Rdg8 {[%emt 0:00:35]} 20. Re3 {[%emt 0:00:56]} Rg4 {[%emt 0:00:44]} 21. Rh3 {[%emt 0:00:47]} Rhg8 {[%emt 0:01:29]} 22. f3 {[%emt 0:01:14]} Nxd4 {[%emt 0:02:07]} 23. cxd4 {[%emt 0:00:14]} Qxd4+ {[%emt 0:00:00]} 24. Qf2 {[%emt 0:00:02]} Qxa1 {[%emt 0:00:53]} 25. fxg4 {[%emt 0:00:03]} Rxg4 {[%emt 0:00:02]} 26. a3 {[%emt 0:00:53]} Qg7 {[%emt 0:00:29]} 27. Be2 {[%emt 0:00:59]} Rg5 {[%emt 0:00:11]} 28. Nf3 {[%emt 0:00:48]} Rd5 {[%emt 0:00:07]} 29. Rg3 {[%emt 0:00:38]} Qa1+ {[%emt 0:00:03]} 30. Kh2 {[%emt 0:00:01]} Qh8 {[%emt 0:00:04]} 31. Nh4 {[%emt 0:00:34]} Re5 {[%emt 0:00:30]} 32. Bf3 {[%emt 0:00:13]} Bxf3 33. Qxf3 {[%emt 0:00:08]} Kb8 {[%emt 0:00:17]} 34. Qxf7 {[%emt 0:00:12]} Re4 {[%emt 0:00:12]} 35. Rg8+ {[%emt 0:00:07]} 1-0

[Event "Kupreichik Memorial Rapid 2019"]
[Site "Minsk"]
[Date "2019.08.15"]
[Round "2.35"]
[White "Patokova, Viktoriya"]
[Black "Dvurechensky, Viacheslav"]
[Result "0-1"]
[WhiteElo "1503"]
[BlackElo "1840"]
[Annotator "NA"]
[PlyCount "58"]
[EventDate "2019.08.15"]
[EventType "swiss"]
[EventCountry "BLR"]
[SourceTitle "playchess.com"]
[Source "ChessBase"]
[SourceQuality "1"]
[TimeControl "900+10"]

1. e4 {[%emt 0:00:00]} d6 {[%emt 0:00:00]} 2. d4 {[%emt 0:00:00]} Nf6 {[%emt 0:00:00]} 3. Nc3 {[%emt 0:00:04]} e5 {[%emt 0:00:00]} 4. Nf3 {[%emt 0:00:08]} Nbd7 {[%emt 0:00:13]} 5. Bc4 {[%emt 0:00:13]} Be7 {[%emt 0:00:02]} 6. O-O {[%emt 0:00:06]} O-O {[%emt 0:00:04]} 7. h3 {[%emt 0:00:08]} c6 {[%emt 0:00:01]} 8. dxe5 {[%emt 0:00:12]} Nxe5 {[%emt 0:01:24]} 9. Nxe5 {[%emt 0:00:08]} dxe5 {[%emt 0:00:02]} 10. Qe2 {[%emt 0:00:07]} b5 {[%emt 0:00:52]} 11. Bb3 {[%emt 0:00:14]} a5 {[%emt 0:00:16]} 12. a4 {[%emt 0:00:40]} b4 {[%emt 0:00:40]} 13. Nb1 {[%emt 0:02:32]} Qd4 {[%emt 0:01:34]} 14. Nd2 {[%emt 0:00:57]} Ba6 {[%emt 0:00:37]} 15. Bc4 {[%emt 0:00:30]} Bxc4 {[%emt 0:00:26]} 16. Qxc4 {[%emt 0:01:29]} Bc5 {[%emt 0:01:23]} 17. c3 {[%emt 0:01:22]} bxc3 {[%emt 0:00:30]} 18. bxc3 {[%emt 0:00:10]} Qxc4 {[%emt 0:00:45]} 19. Nxc4 {[%emt 0:00:03]} Nxe4 {[%emt 0:01:09]} 20. Nxe5 {[%emt 0:00:13]} Rfe8 {[%emt 0:01:22]} 21. Nd3 {[%emt 0:03:33]} Ba7 {[%emt 0:01:12]} 22. Bb2 {[%emt 0:01:26]} Rad8 {[%emt 0:01:48]} 23. Rad1 {[%emt 0:00:23]} f5 {[%emt 0:01:33]} 24. c4 {[%emt 0:01:22]} Rd7 {[%emt 0:00:25]} 25. c5 {[%emt 0:00:38]} Red8 {[%emt 0:00:48]} 26. f3 {[%emt 0:00:42]} Nxc5 {[%emt 0:00:22]} 27. Nxc5 {[%emt 0:00:16]} Bxc5+ {[%emt 0:00:05]} 28. Kh2 {[%emt 0:00:11]} Rxd1 {[%emt 0:00:03]} 29. Rxd1 {[%emt 0:00:03]} Rxd1 {[%emt 0:00:01]} 0-1

[Event "Kupreichik Memorial Rapid 2019"]
[Site "Minsk"]
[Date "2019.08.15"]
[Round "2.36"]
[White "Sadovnikov, Konstantin"]
[Black "Kasperovich, Mikhail"]
[Result "1-0"]
[WhiteElo "1798"]
[BlackElo "1324"]
[Annotator "NA"]
[PlyCount "49"]
[EventDate "2019.08.15"]
[EventType "swiss"]
[EventCountry "BLR"]
[SourceTitle "playchess.com"]
[Source "ChessBase"]
[SourceQuality "1"]
[TimeControl "900+10"]

1. e4 {[%emt 0:00:00]} e6 {[%emt 0:00:00]} 2. d4 {[%emt 0:00:00]} d5 {[%emt 0:00:00]} 3. e5 {[%emt 0:00:00]} c5 {[%emt 0:00:00]} 4. c3 {[%emt 0:00:00]} Nc6 {[%emt 0:00:00]} 5. Nf3 {[%emt 0:00:00]} Qb6 {[%emt 0:00:00]} 6. Be2 {[%emt 0:00:00]} Nge7 {[%emt 0:00:02]} 7. Na3 {[%emt 0:00:00]} Nf5 {[%emt 0:00:13]} 8. Nc2 {[%emt 0:00:00]} Be7 {[%emt 0:01:12]} 9. O-O {[%emt 0:00:34]} Bd7 {[%emt 0:01:27]} 10. a3 {[%emt 0:01:15]} a5 {[%emt 0:00:08]} 11. Rb1 {[%emt 0:00:31]} cxd4 {[%emt 0:01:16]} 12. cxd4 {[%emt 0:00:43]} Rc8 {[%emt 0:00:18]} 13. g4 {[%emt 0:00:36]} Nh4 {[%emt 0:00:17]} 14. Nxh4 {[%emt 0:00:31]} Bxh4 {[%emt 0:00:02]} 15. Be3 {[%emt 0:02:25]} Be7 {[%emt 0:00:25]} 16. f4 {[%emt 0:00:34]} Qb3 {[%emt 0:00:12]} 17. Qd3 {[%emt 0:00:39]} Qc4 {[%emt 0:02:49]} 18. Rfc1 {[%emt 0:00:55]} Na7 {[%emt 0:00:29]} 19. Qxc4 {[%emt 0:00:23]} dxc4 {[%emt 0:00:01]} 20. d5 {[%emt 0:00:16]} Bc5 {[%emt 0:00:25]} 21. Bxc4 {[%emt 0:02:07]} b5 {[%emt 0:01:39]} 22. dxe6 {[%emt 0:00:24]} fxe6 {[%emt 0:00:48]} 23. Bf1 {[%emt 0:00:02]} Rf8 {[%emt 0:00:13]} 24. Nd4 {[%emt 0:03:35]} Bc6 {[%emt 0:03:56]} 25. Rxc5 {[%emt 0:00:26]} 1-0

[Event "Kupreichik Memorial Rapid 2019"]
[Site "Minsk"]
[Date "2019.08.15"]
[Round "2.37"]
[White "Ustiugov, Boris"]
[Black "Shakhadanau, Henadzi"]
[Result "0-1"]
[WhiteElo "1567"]
[BlackElo "1868"]
[Annotator "NA"]
[PlyCount "88"]
[EventDate "2019.08.15"]
[EventType "swiss"]
[EventCountry "BLR"]
[SourceTitle "playchess.com"]
[Source "ChessBase"]
[SourceQuality "1"]
[TimeControl "900+10"]

1. d4 {[%emt 0:00:00]} Nf6 {[%emt 0:00:00]} 2. c4 {[%emt 0:00:00]} e6 {[%emt 0:00:00]} 3. Nc3 {[%emt 0:00:05]} Bb4 {[%emt 0:00:00]} 4. Bg5 {[%emt 0:00:05]} c5 {[%emt 0:00:03]} 5. dxc5 {[%emt 0:00:38]} Qa5 {[%emt 0:00:15]} 6. Bxf6 {[%emt 0:00:03]} gxf6 {[%emt 0:00:01]} 7. Qc1 {[%emt 0:00:18]} Bxc3+ {[%emt 0:00:20]} 8. bxc3 {[%emt 0:00:20]} Na6 {[%emt 0:00:28]} 9. e4 {[%emt 0:01:17]} Nxc5 {[%emt 0:00:09]} 10. Qc2 {[%emt 0:01:09]} Nxe4 {[%emt 0:00:53]} 11. Rc1 {[%emt 0:00:02]} f5 {[%emt 0:00:18]} 12. Bd3 {[%emt 0:00:32]} Nc5 {[%emt 0:00:04]} 13. Be2 {[%emt 0:00:24]} d6 {[%emt 0:00:54]} 14. Nf3 {[%emt 0:00:47]} Bd7 {[%emt 0:01:02]} 15. Nd4 {[%emt 0:00:55]} Ke7 {[%emt 0:01:02]} 16. O-O {[%emt 0:00:51]} Ba4 {[%emt 0:00:46]} 17. Qb2 {[%emt 0:01:23]} a6 {[%emt 0:00:20]} 18. Qb4 {[%emt 0:00:55]} Qc7 {[%emt 0:00:10]} 19. Nb3 {[%emt 0:00:38]} Bd7 {[%emt 0:01:03]} 20. Nd4 {[%emt 0:00:51]} Rab8 {[%emt 0:00:41]} 21. Qb2 {[%emt 0:00:11]} e5 {[%emt 0:00:20]} 22. Nf3 {[%emt 0:00:44]} Rhg8 {[%emt 0:00:21]} 23. Rfe1 {[%emt 0:00:56]} Be6 {[%emt 0:00:25]} 24. Rcd1 {[%emt 0:00:26]} Ne4 {[%emt 0:00:27]} 25. Nd2 {[%emt 0:00:48]} Nc5 {[%emt 0:01:18]} 26. Nb3 {[%emt 0:00:29]} Qc6 {[%emt 0:00:52]} 27. f3 {[%emt 0:00:48]} Rg6 {[%emt 0:00:55]} 28. Nxc5 {[%emt 0:00:14]} Qxc5+ {[%emt 0:00:01]} 29. Kh1 {[%emt 0:00:08]} Qf2 {[%emt 0:01:10]} 30. Rg1 {[%emt 0:01:21]} Bxc4 {[%emt 0:00:29]} 31. Rd2 {[%emt 0:00:20]} Bxe2 {[%emt 0:00:21]} 32. Rxe2 {[%emt 0:00:03]} Qc5 {[%emt 0:00:04]} 33. Qc2 {[%emt 0:00:45]} f4 {[%emt 0:00:22]} 34. Qf5 {[%emt 0:00:27]} b5 {[%emt 0:01:18]} 35. Qxf4 {[%emt 0:00:26]} Kf8 {[%emt 0:00:32]} 36. Qh4 {[%emt 0:00:20]} Kg7 {[%emt 0:00:17]} 37. f4 {[%emt 0:00:14]} Qc4 {[%emt 0:00:23]} 38. Rf2 {[%emt 0:00:28]} Re8 {[%emt 0:00:32]} 39. Rgf1 {[%emt 0:00:43]} Qe4 {[%emt 0:00:17]} 40. Qh3 {[%emt 0:00:02]} exf4 {[%emt 0:00:50]} 41. Rf3 {[%emt 0:00:28]} Qc4 {[%emt 0:00:39]} 42. Qh4 {[%emt 0:00:07]} Re4 {[%emt 0:00:22]} 43. Rxf4 {[%emt 0:00:16]} Qxf1+ {[%emt 0:00:10]} 44. Rxf1 {[%emt 0:00:04]} Rxh4 {[%emt 0:00:01]} 0-1

[Event "Kupreichik Memorial Rapid 2019"]
[Site "Minsk"]
[Date "2019.08.15"]
[Round "2.38"]
[White "Tkachou, Viktar"]
[Black "Lavrishchev, Matvei"]
[Result "1-0"]
[WhiteElo "1791"]
[BlackElo "1175"]
[Annotator "NA"]
[PlyCount "143"]
[EventDate "2019.08.15"]
[EventType "swiss"]
[EventCountry "BLR"]
[SourceTitle "playchess.com"]
[Source "ChessBase"]
[SourceQuality "1"]
[TimeControl "900+10"]

1. Nf3 {[%emt 0:00:00]} e6 {[%emt 0:00:00]} 2. c4 {[%emt 0:00:00]} d5 {[%emt 0:00:00]} 3. cxd5 {[%emt 0:00:00]} exd5 {[%emt 0:00:00]} 4. e3 {[%emt 0:00:01]} c6 {[%emt 0:00:00]} 5. Be2 {[%emt 0:00:04]} Nf6 {[%emt 0:00:00]} 6. b3 {[%emt 0:00:06]} Bd6 {[%emt 0:00:00]} 7. Bb2 {[%emt 0:00:04]} Nbd7 {[%emt 0:00:00]} 8. O-O {[%emt 0:00:05]} O-O {[%emt 0:00:00]} 9. d3 {[%emt 0:00:06]} b6 {[%emt 0:00:01]} 10. Nbd2 {[%emt 0:00:08]} Bb7 {[%emt 0:00:01]} 11. a3 {[%emt 0:00:06]} Rc8 {[%emt 0:00:07]} 12. Rc1 {[%emt 0:00:22]} Qe7 {[%emt 0:00:09]} 13. Nd4 {[%emt 0:00:59]} Be5 {[%emt 0:01:26]} 14. N2f3 {[%emt 0:01:10]} c5 {[%emt 0:01:18]} 15. Nf5 {[%emt 0:01:29]} Qe6 {[%emt 0:00:03]} 16. Nxe5 {[%emt 0:00:16]} Nxe5 {[%emt 0:00:04]} 17. Ng3 {[%emt 0:00:12]} Ned7 {[%emt 0:01:33]} 18. Bf3 {[%emt 0:00:32]} Ne5 {[%emt 0:00:38]} 19. Bxe5 {[%emt 0:00:39]} Qxe5 {[%emt 0:00:03]} 20. Ne2 {[%emt 0:00:36]} Ba8 {[%emt 0:00:13]} 21. d4 {[%emt 0:00:23]} cxd4 {[%emt 0:00:14]} 22. Qxd4 {[%emt 0:00:20]} Qxd4 {[%emt 0:00:11]} 23. Nxd4 {[%emt 0:00:04]} Ne4 {[%emt 0:01:04]} 24. Nf5 {[%emt 0:00:59]} Rxc1 {[%emt 0:00:44]} 25. Rxc1 {[%emt 0:00:03]} Nd2 {[%emt 0:00:46]} 26. b4 {[%emt 0:03:11]} Nxf3+ {[%emt 0:00:02]} 27. gxf3 {[%emt 0:00:01]} Rb8 {[%emt 0:02:14]} 28. Rc7 {[%emt 0:00:20]} a5 {[%emt 0:01:07]} 29. Nd6 {[%emt 0:01:16]} f6 {[%emt 0:01:19]} 30. Kf1 {[%emt 0:01:22]} axb4 {[%emt 0:00:06]} 31. axb4 {[%emt 0:00:01]} Rd8 {[%emt 0:00:57]} 32. Rc8 {[%emt 0:00:08]} Rxc8 33. Nxc8 {[%emt 0:00:02]} b5 {[%emt 0:00:18]} 34. Na7 {[%emt 0:00:03]} Bb7 {[%emt 0:00:08]} 35. Ke1 {[%emt 0:00:20]} Ba6 {[%emt 0:00:04]} 36. Kd2 {[%emt 0:00:32]} Kf7 {[%emt 0:00:03]} 37. Nc6 {[%emt 0:00:40]} Ke6 {[%emt 0:00:47]} 38. Nd4+ {[%emt 0:00:03]} Ke5 {[%emt 0:00:51]} 39. Kd3 {[%emt 0:00:06]} g5 {[%emt 0:00:28]} 40. Nb3 {[%emt 0:00:25]} f5 {[%emt 0:00:22]} 41. Nc5 {[%emt 0:00:17]} Bc8 {[%emt 0:00:05]} 42. Nb3 {[%emt 0:00:14]} f4 {[%emt 0:00:28]} 43. Nd4 {[%emt 0:00:05]} fxe3 {[%emt 0:00:19]} 44. fxe3 {[%emt 0:00:06]} Bd7 {[%emt 0:00:06]} 45. Ne2 {[%emt 0:00:26]} Bf5+ {[%emt 0:00:13]} 46. Kd2 {[%emt 0:00:03]} h6 {[%emt 0:00:15]} 47. Ng3 {[%emt 0:00:20]} g4 {[%emt 0:00:20]} 48. f4+ {[%emt 0:00:38]} Ke6 {[%emt 0:00:05]} 49. Kc3 {[%emt 0:00:05]} Kd6 {[%emt 0:00:14]} 50. Nxf5+ {[%emt 0:00:04]} Ke6 {[%emt 0:00:02]} 51. Nxh6 {[%emt 0:00:03]} Kf6 {[%emt 0:00:06]} 52. Nxg4+ {[%emt 0:00:03]} Kf5 53. Kd4 {[%emt 0:00:09]} Kxg4 {[%emt 0:00:04]} 54. Kxd5 {[%emt 0:00:02]} Kf5 {[%emt 0:00:01]} 55. h4 {[%emt 0:00:05]} Kg4 {[%emt 0:00:01]} 56. Ke6 {[%emt 0:00:03]} Kxh4 {[%emt 0:00:02]} 57. f5 {[%emt 0:00:01]} Kg4 {[%emt 0:00:01]} 58. f6 {[%emt 0:00:02]} Kf3 {[%emt 0:00:01]} 59. f7 {[%emt 0:00:02]} Kxe3 {[%emt 0:00:02]} 60. f8=Q {[%emt 0:00:04]} Kd4 {[%emt 0:00:01]} 61. Qc5+ {[%emt 0:00:02]} Kd3 {[%emt 0:00:03]} 62. Qxb5+ {[%emt 0:00:02]} Kd4 {[%emt 0:00:01]} 63. Qc5+ {[%emt 0:00:02]} Kd3 {[%emt 0:00:01]} 64. Ke5 {[%emt 0:00:03]} Kd2 {[%emt 0:00:02]} 65. Qc4 {[%emt 0:00:03]} Ke3 {[%emt 0:00:05]} 66. Qd4+ {[%emt 0:00:02]} Kf3 {[%emt 0:00:02]} 67. Qe4+ {[%emt 0:00:02]} Kg3 {[%emt 0:00:01]} 68. Qf4+ {[%emt 0:00:02]} Kh3 {[%emt 0:00:01]} 69. Qg5 {[%emt 0:00:01]} Kh2 {[%emt 0:00:02]} 70. Kf4 {[%emt 0:00:02]} Kh1 71. Kf3 {[%emt 0:00:03]} Kh2 {[%emt 0:00:06]} 72. Qg2# 1-0

[Event "Kupreichik Memorial Rapid 2019"]
[Site "Minsk"]
[Date "2019.08.15"]
[Round "2.39"]
[White "Laptev, Viktor"]
[Black "Zvereva, Margarita"]
[Result "0-1"]
[WhiteElo "1424"]
[BlackElo "1678"]
[Annotator "NA"]
[PlyCount "44"]
[EventDate "2019.08.15"]
[EventType "swiss"]
[EventCountry "BLR"]
[SourceTitle "playchess.com"]
[Source "ChessBase"]
[SourceQuality "1"]
[TimeControl "900+10"]

1. e4 {[%emt 0:00:00]} c5 {[%emt 0:00:00]} 2. Nf3 {[%emt 0:00:00]} d6 {[%emt 0:00:00]} 3. d4 {[%emt 0:00:00]} cxd4 {[%emt 0:00:00]} 4. Nxd4 {[%emt 0:00:01]} Nf6 {[%emt 0:00:00]} 5. Nc3 {[%emt 0:00:02]} a6 {[%emt 0:00:00]} 6. f3 {[%emt 0:00:08]} e5 {[%emt 0:00:20]} 7. Nb3 {[%emt 0:00:09]} Be6 {[%emt 0:00:19]} 8. Be3 {[%emt 0:00:05]} Be7 {[%emt 0:00:22]} 9. Qd2 {[%emt 0:00:11]} Nbd7 {[%emt 0:00:33]} 10. O-O-O {[%emt 0:00:06]} O-O {[%emt 0:00:19]} 11. g4 {[%emt 0:00:01]} b5 {[%emt 0:01:07]} 12. g5 {[%emt 0:00:09]} Nh5 {[%emt 0:00:46]} 13. Ne2 {[%emt 0:00:19]} Nb6 {[%emt 0:01:40]} 14. Ng3 {[%emt 0:00:09]} Nf4 {[%emt 0:00:41]} 15. h4 {[%emt 0:00:02]} Nc4 {[%emt 0:01:31]} 16. Bxc4 {[%emt 0:00:05]} bxc4 {[%emt 0:00:27]} 17. Na5 {[%emt 0:00:18]} Rc8 {[%emt 0:02:13]} 18. Qc3 {[%emt 0:01:41]} Ng2 {[%emt 0:02:48]} 19. Nb7 {[%emt 0:01:31]} Qc7 {[%emt 0:00:47]} 20. Nxd6 {[%emt 0:00:35]} Bxd6 {[%emt 0:00:19]} 21. Bf2 {[%emt 0:00:14]} Rb8 {[%emt 0:00:28]} 22. Nf5 {[%emt 0:00:04]} Bb4 {[%emt 0:01:12]} 0-1